<?xml version="1.0" encoding="UTF-8"?>
<marc:record xmlns:marc="http://www.loc.gov/MARC21/slim">
   <marc:leader>00000nam a2200000 a 4500</marc:leader>
   <marc:datafield ind1="1" ind2=" " tag="100">
      <marc:subfield code="a">Schönau, Birgit</marc:subfield>
      <marc:subfield code="4">aut</marc:subfield>
      <marc:subfield code="e">Verfasser/-in</marc:subfield>
   </marc:datafield>
   <marc:datafield ind1=" " ind2=" " tag="653">
      <marc:subfield code="a">Reiseerzählungen / Europa</marc:subfield>
   </marc:datafield>
   <marc:datafield ind1=" " ind2=" " tag="653">
      <marc:subfield code="a">Führer</marc:subfield>
   </marc:datafield>
   <marc:datafield ind1="0" ind2="0" tag="245">
      <marc:subfield code="a">Gebrauchsanweisung für Rom</marc:subfield>
   </marc:datafield>
   <marc:datafield ind1="0" ind2="0" tag="245">
      <marc:subfield code="c">Birgit Schönau</marc:subfield>
   </marc:datafield>
   <marc:datafield ind1=" " ind2="1" tag="264">
      <marc:subfield code="a">München</marc:subfield>
      <marc:subfield code="b">Piper</marc:subfield>
      <marc:subfield code="c">2004</marc:subfield>
   </marc:datafield>
   <marc:datafield ind1="1" ind2=" " tag="490">
      <marc:subfield code="a">Piper</marc:subfield>
      <marc:subfield code="v">7535</marc:subfield>
   </marc:datafield>
   <marc:datafield ind1="1" ind2=" " tag="520">
      <marc:subfield code="a">Die ewige Stadt. Die heilige Stadt. Rom ist die Stadt aller Städte. Mit ihren barocken Palästen, ihren unermeßlichen Kunstschätzen und zahllosen Monumenten ist sie das Gedächtnis unserer abendländischen Kultur. Aber wie ewig ist die Stadt wirklich? Und sind tatsächlich alle Römer fromm? Birgit Schönau flaniert durch die größte Altstadt der Welt und schaut sich den Alltag an zwischen Marmor und Geld, dem haarsträubenden Verkehr, der Mode und der herzhaften römischen Küche. Denn eines ist ganz sicher: Auch vor Ostern fastet hier nur einer, und das ist der Heilige Vater.</marc:subfield>
   </marc:datafield>
   <marc:datafield ind1=" " ind2=" " tag="020">
      <marc:subfield code="a">9783492275354</marc:subfield>
      <marc:subfield code="9">9783492275354</marc:subfield>
   </marc:datafield>
   <marc:datafield ind1=" " ind2=" " tag="020">
      <marc:subfield code="a">3492275354</marc:subfield>
      <marc:subfield code="9">3492275354</marc:subfield>
   </marc:datafield>
   <marc:datafield ind1=" " ind2=" " tag="041">
      <marc:subfield code="a">ger</marc:subfield>
   </marc:datafield>
   <marc:datafield ind1=" " ind2=" " tag="300">
      <marc:subfield code="a">182 S.</marc:subfield>
   </marc:datafield>
</marc:record>
